SMITE Pantheons - Statistics

General Stats
  • This quiz has been taken 145 times
  • The average score is 11 of 13
Answer Stats
Number of Gods Pantheon % Correct
19 Greek
99%
13 Chinese
94%
6 Japanese
93%
11 Roman
93%
8 Hindu
91%
12 Egyptian
84%
14 Norse
84%
9 Mayan
83%
4 Celtic
82%
1 Voodoo
79%
1 Slavic
72%
2 Arthurian
70%
1 Polynesian
67%
No matching quizzes found
Score Distribution
Percent of People with Each Score
Percentile by Number Answered
Your Score History
You have not taken this quiz